000 01507 a2200217 4500
001 47739
005 20260407155743.0
008 260407a2010 arg spa d
003 AR-UNSa-BCEJYS
040 _aAR-UNSa-BCEJYS
_bspa
_cAR-UNSa-BCEJYS
080 _a519.246.8
_xAnálisis de series temporales o cronológicas. Autocorrelación. Regresión
245 1 0 _aAnálisis de series temporales
020 _a978-84-206-6945-8
264 1 _aMadrid :
_bAlianza Editorial
_c2010
300 _a604 p.
_c24 cm.
505 _a1. Introducción a las series temporales - 2. Análisis descriptivo de una serie temporal - 3.Series temporales y procesos estocásticos - 4. Procesos autorregresivos - 5. Procesos de media móvil y ARMA - 6. Procesos integrados y de memoria larga - 7. Procesos ARIMA estacionales - 8. Predicción con modelos ARIMA - 9. La identificación de los posibles modelos ARIMA - 10. Estimación y selección de modelos ARIMA - 11. Diagnosis del modelo y predicción - 12. Análisis de intervención - 13. Valores atípicos - 14. Modelos no lineales - 15. Modelos de heterocedasticidad condicional - 16. Casos de series temporales univariantes - 17. Regresión dinámica entre variables estacionarias - 18. Regresión entre variables integradas. Cointegración - 19. Modelos multivariantes.
942 _cBK
590 _aniveau_biblio:m niveau_hierar:0
100 1 _aPeña, Daniel
856 4 1 _uhttps://www.biblioeco.unsa.edu.ar/pmb/images/libros/L127656.jpg
_yImagen de portada
_qimage/jpeg
999 _c4452
_d4452